Rossijskaja programma privatizacii i perspektivy jeje realizacii.

Základné formy privatizácie v Rusku podľa téz Štátneho programu privatizácie. Podmienky realizácie úloh malej privatizácie (možnosť kúpiť prenajaté budovy a pôdu, úverovanie, diferenciácia úľav). Predaj akcií privatizovaných podnikov ako základná forma privatizácie. Konverzia štátneho dlhu na cenné...

ver descrição completa

Na minha lista:
Detalhes bibliográficos
Autor principal: Vasil'jev, D.
Formato: Capítulo de Livro
Idioma:russo
Assuntos:
Tags: Adicionar Tag
Sem tags, seja o primeiro a adicionar uma tag!

MARC

LEADER 00000naa a2200000 4500
001 r011008
005 20221208123329.3
041 0 |a rus 
044 |a [SU] 
245 1 0 |a Rossijskaja programma privatizacii i perspektivy jeje realizacii.  |c D. Vasil'jev 
520 |a Základné formy privatizácie v Rusku podľa téz Štátneho programu privatizácie. Podmienky realizácie úloh malej privatizácie (možnosť kúpiť prenajaté budovy a pôdu, úverovanie, diferenciácia úľav). Predaj akcií privatizovaných podnikov ako základná forma privatizácie. Konverzia štátneho dlhu na cenné papiere a zahraničný kapitál. Stratégia privatizácie a jej urýchlenie vládou. 
610 2 0 |a privatizácia 
610 2 0 |a Rusko 
610 2 0 |a programy vládne 
610 2 0 |a akcie 
610 2 0 |a papiere cenné 
610 2 0 |a kapitál zahraničný 
100 1 |a Vasil'jev, D.